Đại số đại cương Giáo trình Cao đẳng Sư phạm
TO303 Đại số đại cương 1; TO101 Đại số đại cương 2
Đã lưu trong:
| Tác giả chính: | |
|---|---|
| Tác giả khác: | |
| Định dạng: | Sách |
| Ngôn ngữ: | Undetermined |
| Được phát hành: |
H.
ĐHSP
2004
|
| Những chủ đề: | |
| Truy cập trực tuyến: | http://lrc.tdmu.edu.vn/opac/search/detail.asp?aID=2&ID=5729 |
| Các nhãn: |
Thêm thẻ
Không có thẻ, Là người đầu tiên thẻ bản ghi này!
|
| Thư viện lưu trữ: | Trung tâm Học liệu Trường Đại học Thủ Dầu Một |
|---|
| LEADER | 00758nam a2200229Ia 4500 | ||
|---|---|---|---|
| 001 | TDMU_5729 | ||
| 008 | 210410s9999 xx 000 0 und d | ||
| 082 | |a 512 | ||
| 090 | |b H407 | ||
| 100 | |a Hoàng, Xuân Sính | ||
| 245 | 0 | |a Đại số đại cương | |
| 245 | 0 | |b Giáo trình Cao đẳng Sư phạm | |
| 245 | 0 | |c Hoàng Xuân Sính | |
| 260 | |a H. | ||
| 260 | |b ĐHSP | ||
| 260 | |c 2004 | ||
| 300 | |a 194tr. | ||
| 520 | |a TO303 Đại số đại cương 1; TO101 Đại số đại cương 2 | ||
| 650 | |a Đại số |v Giáo trình | ||
| 700 | |a Trần, Phương Dung | ||
| 856 | |u http://lrc.tdmu.edu.vn/opac/search/detail.asp?aID=2&ID=5729 | ||
| 980 | |a Trung tâm Học liệu Trường Đại học Thủ Dầu Một | ||